Loading...

തിരഞ്ഞെടുത്ത കഥകള്‍ രണ്ടാം വാല്യം

Bibliografiske detaljer
Format: Printed Book
Udgivet: TVM; KSICL; 2011
Udgivelse:1st
Fag:
LEADER 00628nam a22001577a 4500
082 |a 894.M301  |b THI Vol-2 
240 |a Thiranjedutha Kathakal Vol-2 
245 |a തിരഞ്ഞെടുത്ത കഥകള്‍ രണ്ടാം വാല്യം  
250 |a 1st 
260 |a TVM;  |b KSICL;  |c 2011 
300 |a 227p. 
650 |a മലയാളം; കഥകള്‍  |9 266779 
650 |a Malayalam; Stories   |9 266780 
942 |c BK 
999 |c 73476  |d 73476 
952 |0 0  |1 0  |4 0  |6 894_000000000000000_M301_THI_VOL2  |7 0  |8 STO  |9 86644  |a MAL  |b MAL  |d 2017-01-19  |e CR670  |g 140.00  |l 0  |o 894.M301 THI Vol-2  |p MALCR000670  |r 2017-01-19  |t 1  |w 2017-01-19  |y BK